000
00147 a2200073 4500
020
_a
9780811841153
082
_a
613.7046 MIL
245
_a
ESSENTIAL YOGA
999
_c
791938
_d
791937
942
_w
223
_x
Zanele Mgwenya
_y
223
_z
Zanele Mgwenya